<?xml version="1.0" encoding="UTF-8"?>
<record
    xmlns:xsi="http://www.w3.org/2001/XMLSchema-instance"
    xsi:schemaLocation="http://www.loc.gov/MARC21/slim http://www.loc.gov/standards/marcxml/schema/MARC21slim.xsd"
    xmlns="http://www.loc.gov/MARC21/slim">

  <leader>00545nam a22001577a 4500</leader>
  <controlfield tag="008">211026b           ||||| |||| 00| 0 eng d</controlfield>
  <datafield tag="020" ind1=" " ind2=" ">
    <subfield code="a"> 0567087549 </subfield>
  </datafield>
  <datafield tag="050" ind1=" " ind2=" ">
    <subfield code="a">  BS1275.2</subfield>
    <subfield code="b">.R62 2002 </subfield>
  </datafield>
  <datafield tag="100" ind1=" " ind2=" ">
    <subfield code="a"> Rof&#xE9;, Alexander </subfield>
  </datafield>
  <datafield tag="245" ind1=" " ind2=" ">
    <subfield code="a">Deuteronomy :</subfield>
    <subfield code="b">|issues and interpretation /</subfield>
    <subfield code="c">Alexander Rof&#xE9;</subfield>
  </datafield>
  <datafield tag="260" ind1=" " ind2=" ">
    <subfield code="a"> London ;</subfield>
    <subfield code="a">New York :</subfield>
    <subfield code="b">T and T Clark,|</subfield>
    <subfield code="c">2002 </subfield>
  </datafield>
  <datafield tag="300" ind1=" " ind2=" ">
    <subfield code="a">  xiii, 258 pages :</subfield>
    <subfield code="c">23 cm </subfield>
  </datafield>
  <datafield tag="500" ind1=" " ind2=" ">
    <subfield code="a">Includes bibliographical references and indexes </subfield>
  </datafield>
  <datafield tag="650" ind1=" " ind2=" ">
    <subfield code="a">Bible.Deuteronomy</subfield>
    <subfield code="x">Criticism, interpretation,</subfield>
  </datafield>
  <datafield tag="942" ind1=" " ind2=" ">
    <subfield code="2">lcc</subfield>
    <subfield code="c">BK</subfield>
  </datafield>
  <datafield tag="999" ind1=" " ind2=" ">
    <subfield code="c">57095</subfield>
    <subfield code="d">57095</subfield>
  </datafield>
  <datafield tag="952" ind1=" " ind2=" ">
    <subfield code="0">0</subfield>
    <subfield code="1">0</subfield>
    <subfield code="2">lcc</subfield>
    <subfield code="4">0</subfield>
    <subfield code="7">0</subfield>
    <subfield code="8">NFIC</subfield>
    <subfield code="a">JTSOT</subfield>
    <subfield code="b">JTSOT</subfield>
    <subfield code="c">GEN</subfield>
    <subfield code="d">2021-10-26</subfield>
    <subfield code="e">Donation-TBN</subfield>
    <subfield code="g">15000.00</subfield>
    <subfield code="o">  BS1275.2 .R62 2002 </subfield>
    <subfield code="p">067336</subfield>
    <subfield code="t">1</subfield>
    <subfield code="w">2021-10-26</subfield>
    <subfield code="y">BK</subfield>
  </datafield>
</record>
